000
00278nam a2200097Ia 4500
005
20250424112906.0
008
250424s9999 xx 000 0 und d
300
_a
xix, 192 p. ; 22 cm.
650
_a
Intellectual property--Nigeria--Periodicals. Law reviews--Nigeria.
942
_c
SR
999
_c
37730
_d
37730